Co to za logo? Drużyny CSGO/CS2 #2 - Statystyki

Ogólne statystyki
  • Ten quiz został rozwiązany 152 razy
  • Średni wynik to 7 z 8
Statystyki odpowiedzi
Obrazkowy Odpowiedź % Poprawnych
Virtus.Pro
98%
Astralis
94%
ENCE
93%
HEROIC
91%
The MongolZ
90%
BIG
88%
Falcons
87%
Eternal Fire
76%
Nie znaleziono quizów pasujących do podanych kryteriów
Rozkład punktacji
Procent ludzi z każdym wynikiem
Percentyl według liczby udzielonych odpowiedzi
Twoja historia wyników
Nie rozwiązałeś tego quizu